| 000 | 00000nam##2200000za#4500 |
| 001 | 9.647623 |
| 003 | CaOODSP |
| 005 | 20210615112706 |
| 007 | ta |
| 008 | 150407|2000||||xxc||||| f|0| 0 eng|d |
| 020 | |a0-662-28543-3 |
| 040 | |aCaOODSP|beng |
| 043 | |an-cn--- |
| 086 | 1 |aA15-2025/2000E |
| 110 | 1 |aCanada. |bAgriculture and Agri-Food Canada. |
| 245 | 10|aEarth Tones... the book : |bfederal science for sustainable development |
| 260 | |aOttawa - Ontario : |bAgriculture and Agri-Food Canada |c2000. |
| 300 | |a28p. : |bcoloured illus. ; |c22 cm. |
| 500 | |a"This companion book highlights other challenges addressed by federal scientists like those seen on @discovery.ca."--Back of the paper cover. |
| 520 | 3 |aThis companion book highlights other challenges addressed by federal scientists like those seen on @discovery.ca.--Back of the paper cover |
| 563 | |aSoftcover |
| 590 | |a01-12|b2001-03-23 |
| 690 | 07|aEnvironmental management|2gcpds |
| 690 | 07|aClimate|2gcpds |
| 690 | 07|aToxic substances|2gcpds |
| 775 | 08|tPlanète vivante... sur papier : |w(CaOODSP)9.681028 |
| 776 | 0#|tEarth tones--the book : |w(CaOODSP)9.697426 |
| 986 | |aPublication 2025/E. |